| 000 | 00400cam a2200157ua 4500 | ||
|---|---|---|---|
| 041 |
_aeng _h |
||
| 082 |
_a629.2223 _bJUD/CA |
||
| 100 | _aJudge, Arthur W. | ||
| 245 |
_aCar maintenance and repair, Vol.4 / _cArthur Judge W. _hTextual Documents |
||
| 250 |
_a5 / _b. |
||
| 260 |
_aMumbai : _bAsia Publishing House , _c1962. |
||
| 300 | _a464 ; . | ||
| 504 | _a | ||
| 942 | _cBK | ||
| 999 |
_c8787 _d8787 |
||